000 00201nam a2200097Ia 4500
008 220204s9999 xx 000 0 und d
082 _a82-3
_bCON
100 _aJoseph
245 0 _aLord Jim
942 _cBK
999 _c38241
_d38241